Steve Jobs / (Record no. 372)

MARC details
000 -LEADER
fixed length control field 01228nam a22003497a 4500
001 - CONTROL NUMBER
control field 372
003 - CONTROL NUMBER IDENTIFIER
control field FISKH
005 - DATE AND TIME OF LATEST TRANSACTION
control field 20231211150052.0
008 - FIXED-LENGTH DATA ELEMENTS--GENERAL INFORMATION
fixed length control field 230329b cb ||||| |||| 00| 0 eng d
020 ## - INTERNATIONAL STANDARD BOOK NUMBER
International Standard Book Number 9780531238783
040 ## - CATALOGING SOURCE
Original cataloging agency DLC
Transcribing agency DLC
Modifying agency DLC
-- FISKH
Language of cataloging eng
042 ## - AUTHENTICATION CODE
Authentication code pcc
043 ## - GEOGRAPHIC AREA CODE
Geographic area code n-us---
050 00 - LIBRARY OF CONGRESS CALL NUMBER
Classification number QA76.2.J63
Item number G74 2013
082 00 - DEWEY DECIMAL CLASSIFICATION NUMBER
Classification number 621.39092
-- B
Edition number 23
100 1# - MAIN ENTRY--PERSONAL NAME
Personal name Gregory, Josh.
245 10 - TITLE STATEMENT
Title Steve Jobs /
Statement of responsibility, etc. Josh Gregory.
260 ## - PUBLICATION, DISTRIBUTION, ETC.
Place of publication, distribution, etc. Danbury, Conn. :
Name of publisher, distributor, etc. Children's Press,
Date of publication, distribution, etc. 2013.
300 ## - PHYSICAL DESCRIPTION
Extent 48 pages. :
Other physical details ill. (some col.) ;
Dimensions 22 cm.
490 0# - SERIES STATEMENT
Series statement True book
504 ## - BIBLIOGRAPHY, ETC. NOTE
Bibliography, etc. note Includes bibliographical references (p. 45) and index.
505 ## - FORMATTED CONTENTS NOTE
Formatted contents note X
521 8# - TARGET AUDIENCE NOTE
Target audience note 1050 <br/>
Source Lexile
521 8# - TARGET AUDIENCE NOTE
Target audience note X <br/>
Source Raz-Plus
600 10 - SUBJECT ADDED ENTRY--PERSONAL NAME
Personal name Jobs, Steve,
Dates associated with a name 1955-2011
Form subdivision Juvenile literature.
610 20 - SUBJECT ADDED ENTRY--CORPORATE NAME
Corporate name or jurisdiction name as entry element Apple Computer, Inc.
General subdivision History
Form subdivision Juvenile literature.
650 #0 - SUBJECT ADDED ENTRY--TOPICAL TERM
Topical term or geographic name entry element Computer engineers
Geographic subdivision United States
Form subdivision Biography
-- Juvenile literature.
650 #0 - SUBJECT ADDED ENTRY--TOPICAL TERM
Topical term or geographic name entry element Businesspeople
Geographic subdivision United States
Form subdivision Biography
-- Juvenile literature.
906 ## - LOCAL DATA ELEMENT F, LDF (RLIN)
a 7
b cbc
c orignew
d 1
e ecip
f 20
g y-gencatlg
942 ## - ADDED ENTRY ELEMENTS (KOHA)
Source of classification or shelving scheme Dewey Decimal Classification
Koha item type Books
Suppress in OPAC No
Holdings
Withdrawn status Lost status Source of classification or shelving scheme Damaged status Not for loan Collection Home library Current library Shelving location Date acquired Total Checkouts Full call number Barcode Date last seen Price effective from Koha item type
    Dewey Decimal Classification     Non-Fiction Footprints International School Library Network Toul Kork Campus Footprints International School Library Network Toul Kork Campus   03/29/2023   GRE 621.3992 QA76.J63 FISTK05534 03/29/2023 03/29/2023 Books